| 000 | 00725 a2200205 4500 | ||
|---|---|---|---|
| 020 | _c160.00 | ||
| 035 | _aB-90448 | ||
| 037 | _bRP-ZLS-2235 / PANSY-05-06:6 / RP-05-06:ENG | ||
| 082 | 1 | 4 | _a657.42 |
| 090 |
_c2606 _d2606 |
||
| 100 | 1 | _aMaheshwari, S.N. | |
| 245 | 1 |
_aElements of cost accounting _cby S.N. Maheshwari, S.N. Mittal |
|
| 250 | _a21st rev. & enl. ed | ||
| 260 |
_aDelhi _bShree Mahavir Book Depot. _c2005-06 |
||
| 270 |
_a2603, Nai Sarak _cDelhi _e110006 _k23262993 _l23270792 _mmahavirpublications@hotmail.com |
||
| 300 |
_aiii, 440, 10 p _c24 cm (pbk) |
||
| 700 | _aMittal, S.N. | ||
| 942 |
_adpl _cEN _k657.42 / MAH |
||
| 999 |
_c2563 _d2563 |
||